01167nam a2200289 4500003000900000005001700009008004100026020001800067040002300085041000800108050002600116100003100142245009000173264004800263300003600311336002200347337002400369338002400393500012100417520015100538610003800689650003900727650003600766650004300802942001500845999001700860MX-MxINE20260530113921.0260520b2016 si a|||| |||| 00| 0 eng d a9789814385626 aICIbspacICIerda aeng aNA1547.5.S5bN87 20161 aSNG SIOK AIeeditor934620 a NUS Baba House:bArchitecture and artefacts of a straits chinese home /cSNG SIOK AI aSingapore :bNational Heritage Board,c2016 a144 páginas :bilustarciones  2rdacontentatexto 2rdamediaasin medio 2rdacarrieravolumen aPublicación sobre la conservación y patrimonio cultural de la casa Baba de la National University of Singapore.  aObra dedicada a la historia, arquitectura interior y patrimonio cultural de la NUS Baba House, representativa de la cultura Peranakan en Singapur. aNUS Baba House (Singapore)934621 aHistoric housesxSingapore 934622 aPeranakan (Asian people)934623 aInterior decorationxSingapore.934624 2lccn1cBK c12438d12438